Statistics for Influential Women in History

Click here to take the quiz!

General Stats

  • This quiz has been taken 13,613 times
    (13,605 since last reset)
  • The average score is 14 of 25

Answer Stats

Hint Answer % Correct
"The Virgin Queen" of EnglandElizabeth I
95%
Diarist who is one of the most discussed Jewish victims of the HolocaustAnne Frank
91%
The second longest reigning British monarchQueen Victoria
89%
Last active pharaoh of the Ptolemaic EgyptCleopatra
86%
Roman Catholic nun who founded the Missionaries of Charity in KolkataMother Teresa
86%
Austrian-born Queen of France who met her end by guillotine in 1793Marie Antoinette
82%
Aviation pioneer who was the first woman to fly solo across the AtlanticAmelia Earhart
80%
Founder of modern nursingFlorence Nightingale
73%
First deaf-blind person to earn a bachelor of arts degreeHelen Keller
73%
Empress who revitalized Russia under her reign, making it one of Europe's great powersCatherine the Great
72%
"The Maid of Orléans"Joan of Arc
71%
First woman to win a Nobel Prize and the first person to win it twiceMarie Curie
71%
Actress who later became the Princess of MonacoGrace Kelly
67%
Spanish queen who reorganized the governmental system, lowered the crime rate,
and supported the financing of Christopher Columbus' voyage in 1492
Isabella I of Castile
64%
French fashion designer who liberated women from the "corseted silhouette"Coco Chanel
62%
She was awarded the title of "Spiritual Leader of the Nation" by the Argentine CongressEva Peron
60%
Child actress who later in her life worked as a United States AmbassadorShirley Temple
58%
Celtic queen who lead an uprising against the Roman EmipreBoudica
42%
"Lovable" actress who was the first woman to run a major television studioLucille Ball
33%
Actress who won an Oscar, Emmy, Grammy, and Tony award. Later on, she won
the Presidential Medal of Freedom for her work as a UNICEF Goodwill Ambassador.
Audrey Hepburn
31%
Widely regarded as the first computer programmerAda Lovelace
15%
Powerful Byzantine empress 527-548Theodora
14%
An actress and an inventor who came up with the frequency hopping technology
which is the basis for GPS, WiFi and Bluetooth.
Hedy Lamarr
12%
First woman to have flown in spaceValentina Tereshkova
10%
Chinese first lady who rallied her people against the Japanese invasion and
conducted a 1942 speaking tour of the United States
Soong Mei-Ling
9%

Score Distribution

Percentile by Number Answered

Percent of People with Each Score

Your Score History

You have not taken this quiz since the last reset